Sinh học phân tử

Saved in:
Bibliographic Details
Main Author: VÕ THỊ THƯƠNG LAN
Format: Book
Language:Undetermined
Published: H. ĐHQG 2002
Subjects:
Tags: Add Tag
No Tags, Be the first to tag this record!
Institutions: Trung tâm Học liệu Trường Đại học Cần Thơ
LEADER 00448nam a2200169Ia 4500
001 CTU_50592
008 210402s9999 xx 000 0 und d
082 |a 572.8 
082 |b L105 
100 |a VÕ THỊ THƯƠNG LAN 
245 0 |a Sinh học phân tử 
245 0 |c VÕ THỊ THƯƠNG LAN 
260 |a H. 
260 |b ĐHQG 
260 |c 2002 
650 |a molecular biology 
980 |a Trung tâm Học liệu Trường Đại học Cần Thơ